| 000 | 00990nam a2200301 i 4500 | ||
|---|---|---|---|
| 001 | 11016 | ||
| 003 | ES-MaACL | ||
| 005 | 20250814090540.0 | ||
| 008 | 940412s1993 sp 001 0dspa | ||
| 020 | _a84-7658-410-5 | ||
| 080 | _a791.44 Buñuel, Luis | ||
| 080 | _a860 Buñuel, Luis 1.06 | ||
| 080 | _a791.43:82 | ||
| 100 | 1 |
_aMonegal, Antonio. _982163 |
|
| 245 | 1 | 0 |
_aLuis Buñuel de la literatura al cine _b: una poética del objeto / _cAntonio Monegal. |
| 250 | _a1ª ed. | ||
| 260 |
_aBarcelona : _bAnthropos, _c1993. |
||
| 300 |
_a255 p. ; _c20 cm. |
||
| 490 | 1 |
_aAutores, textos y temas. _aLiteratura ; _v17 |
|
| 500 | _aÍndice. | ||
| 504 | _aFilmografía: p. 235-236. | ||
| 504 | _aBibliografía: p. 237-248. | ||
| 600 | 1 | 4 |
_aBuñuel, Luis, _d1900-1983- _xCrítica e interpretación _932562 |
| 650 | 1 | 7 |
_aCine y literatura _2embne _911036 |
| 830 | 1 |
_aAutores, textos y temas. _aLiteratura ; _v17 _9177410 |
|
| 852 |
_aES-MaACL _jL-18319 |
||
| 999 |
_c11016 _d11016 |
||